000 00352nam a22001577a 4500
003 MACL
005 20151125154324.0
008 151125b xxu||||| |||| 00| 0 eng d
040 _cMACL
041 _aEnglish
082 _a300/KAR
100 _aKar,Samit
_918276
245 _aSociology in 21 Century
650 _aSocial
_918277
942 _2ddc
_cBK
999 _c51159
_d51159